MLB Miami Marlins Best Players - Statistics

General Stats
  • This quiz has been taken 25 times
  • The average score is 7 of 12
Answer Stats
WAR Years Player Pos. Awards % Correct
35.8 2010 - 2017 Giancarlo Stanton RF 2x SS, 2017 MVP
96%
20.1 2018 - Active Sandy Alcantara P 2022 Cy Young
87%
20.8 2003 - 2007 Dontrelle Willis P 2003 ROY
74%
26.9 2006 - 2012 Hanley Ramírez SS 2x SS, 2006 ROY
74%
17.6 2013 - 2017 Christian Yelich LF GG, SS
65%
14.2 2013 - 2016 José Fernández P 2013 ROY
65%
18.3 2003 - 2007 Miguel Cabrera 3B 2x SS
61%
15.7 2006 - 2010 Dan Uggla 2B SS
57%
25.7 2005 - 2012 Josh Johnson P
39%
22.4 1996 - 2005 Luis Castillo 2B 3x GG
39%
14.6 1996 - 1997 Kevin Brown P
35%
16.9 1997 - 2002 Cliff Floyd LF
17%
No matching quizzes found
Score Distribution
Percent of People with Each Score
Percentile by Number Answered
Your Score History
You have not taken this quiz